Dīwān Tạrafah ibn al-ʻAbd al-Bakrī : maʻa sharh ̣al-adīb Yūsuf al-Aʻlam al-Shantamarī : bi-hạsab kutub bi-khatṭ ̣al-yad mahf̣ūzạh bi-Bārīs wa-Lūndarah wa-Wīn : wa-tatlūhu taʻlīqah muhṭawīyah ʻalá ashʻār Tạrafah lam yasbiq tạbʻuhā maʼkhūdhah min nusakh mawjūdah bi-al-Jazāʼir wa-Birlīn wa-Lūndarah wa-Wīn /
Main Author:
Other Authors:
Format: Book
Language: Arabic
Published:
Shālawn :
Matḅaʻ Bartṛand,
1901.
Subjects:
Tags: Add Tag
Call Number: ( RA )PJ7696 .T3 A6 1901
| LEADER | 01492namaa2200253 4500 | ||
|---|---|---|---|
| 001 | 18546 | ||
| 003 | OSt | ||
| 005 | 20240529111235.0 | ||
| 008 | 130303s1901 fr 000 0 ara d | ||
| 952 | |0 0 |1 0 |2 lcc |4 0 |7 1 |9 10486 |a ARCE |b ARCE |d 2021-02-20 |l 0 |o ( RA )PJ7696 .T3 A6 1901 |p 1033350 |r 2021-02-20 00:00:00 |w 2021-02-20 |y BK | ||
| 999 | |c 18998 |d 18998 | ||
| 040 | |c ARCE Library | ||
| 050 | 4 | |a ( RA )PJ7696 .T3 A6 1901 | |
| 100 | 0 | |6 880-01 |a Ṭarafah ibn al-ʻAbd, |e author |9 40872 | |
| 245 | 1 | 0 | |6 880-02 |a Dīwān Tạrafah ibn al-ʻAbd al-Bakrī : |b maʻa sharh ̣al-adīb Yūsuf al-Aʻlam al-Shantamarī : bi-hạsab kutub bi-khatṭ ̣al-yad mahf̣ūzạh bi-Bārīs wa-Lūndarah wa-Wīn : wa-tatlūhu taʻlīqah muhṭawīyah ʻalá ashʻār Tạrafah lam yasbiq tạbʻuhā maʼkhūdhah min nusakh mawjūdah bi-al-Jazāʼir wa-Birlīn wa-Lūndarah wa-Wīn / |c wa-qad iʻtaná bi-tasḥị̄hịhi wa-naqalahu ilá al-lughah al-Faransāwīyah Maks Silighsūn. |
| 264 | 1 | |a Shālawn : |b Matḅaʻ Bartṛand, |c 1901. | |
| 300 | |a 160, xvi, 171 p. ; |c 25 cm. | ||
| 600 | 0 | 0 | |a Ṭarafah ibn al-ʻAbd |x Criticism and interpretation. |9 40872 |
| 650 | 0 | |a Arabic poetry |x History and criticism. | |
| 700 | 1 | |a Aʻlam al-Shantamarī, Yūsuf ibn Sulaymān, |d 1019 or 1020-1083 or 1084. | |
| 880 | 0 | |6 100-01/(3/r |a طرفة بن العبد | |
| 880 | 1 | 0 | |6 245-02/(3/r |a ديوان طرفة بن العبد البكرى مع شرح الأديب يوسف الأعلم الشنتمرى |
| 901 | |a reviewed | ||
| 942 | |c BK |2 lcc | ||
